Responses for Show #6301 - Monday, January 30, 2012

Contestants

[<< previous game]

Danny Parra, a sportscaster from Miami, Florida

Kate Jeracki, a newspaper staff writer from Fort Collins, Colorado

Brendan Graham, a soldier and a physician from San Antonio, Texas (whose 2-day cash winnings total $46,602)

[next game >>]

Jeopardy! Round responses

TIE ONE ON
ALBUMS
ART "R"EVIEW
PLAY YOUR CARDS RIGHT
(Alex: Each response will be a playing card.)
STATE FLOWERS
MARK TWAIN NEVER SAID...
    $200 11
a black tie

Danny
    $200 14
Keith Urban

Brendan
    $200 21
Renaissance

Danny
    $200 1
an ace

Danny
    $200 5
Massachusetts

Brendan
    $200 16
the weather

Kate
    $400 12
a white tie

Brendan
    $400 15
Taylor Swift

Brendan
    $400 27
relief

Brendan
    $400 2
a jack

Brendan
    $400 6
Kansas

Brendan
    $400 17
San Francisco

Kate
    $600 13
a bolo tie

Danny
    $600 22
Led Zeppelin

Brendan
    $600 28
Realism

Brendan
    $600 3
Trey

Brendan
    $600 7
Colorado

Brendan
    $600 18
doubt

Danny
    $800 25
a Windsor

Brendan
    $800 23
Sade

Triple Stumper
    $800 29
a rubbing

Kate
    $800 4
king

Danny
    $800 8
Florida

Brendan
    $800 19
statistics

Brendan
    $1000 26
a four-in-hand

Brendan
    $1000 24
(Kate: Who is Amy Winehouse?)

Adele

KateDanny
    $1,000 30
Rococo

Kate
    $1000 10
(Kate: What is a 2-top?)

a deuce

Kate
Triple Stumper
    $1000 9
(Kate: What is...)

Hawaii

BrendanKate
    $1000 20
the time

Brendan

Scores at the first commercial break (after clue 15):

Brendan Kate Danny
$5,000 -$2,000 $1,800

Scores at the end of the Jeopardy! Round:

Brendan Kate Danny
$10,200 -$600 $3,600

Double Jeopardy! Round responses

IT'S A PARTY!
TIME
PLACE
OCCASION
HOPE "U" CAN MAKE IT
BRING YOUR OWN BOTTLE
    $400 1
Paris Hilton

Kate
    $400 15
era

Danny
    $400 6
Melbourne

Danny
    $400 11
Oxford & Cambridge

Kate
    $400 26
ultimatum

Kate
    $400 21
a Thermos

Danny
    $800 2
vodka

Brendan
    $800 16
the age

Brendan
    $5,000 7
the Bering Strait

Danny
    $800 12
National Park Service

Danny
    $800 27
unique

Kate
    $800 22
(Danny: What is California?)

Oregon

KateDanny
    $1200 3
the pen (prison)

Brendan
    $1200 17
Period

Kate
    $1200 10
Bosnia-Herzegovina

Brendan
    $1200 13
a sewing machine

Danny
    $1200 28
usurp

Kate
    $1200 23
Avon Products

Kate
    $1600 4
Vogue

Brendan
    $1600 18
an eon

Brendan
    $1600 9
Honduras

Danny
    $6,000 14
(Danny: What is "Remember the Maine, to hell with Spain"?)

"Yes, Virginia, there is a Santa Claus"

Danny
    $1600 29
(Danny: What is utopia?)
(Alex: No.)
(Danny: Utopian?)

utilitarianism

BrendanDanny
    $1600 24
(Alex: Right, with a minute to go.)

a bottle rocket

Kate
    $2000 5
Long Island

Danny
    $2000 19
cycle

Brendan
    $2000 8
the Great Rift Valley

Danny
    $2000 20
Munich

Danny
    $2000 30
an Ulster

Kate
    $2000 25
new wine

Kate

Scores at the end of the Double Jeopardy! Round:

Brendan Kate Danny
$21,000 $11,400 $11,000

[wagering suggestions for these scores]

Final Jeopardy! Round responses

1960s TV CHARACTERS
(Alex: [To Danny] I Dream of [*]. You are correct. Barbara Eden played her.)
DannyWho is Jeannie?
$11,000
KateWho is Jeanie?
$10,000
BrendanWho is Scherezade
$1,801
Jeannie

Final scores:

Brendan Kate Danny
$19,199 $21,400 $22,000
3rd place: $1,000 2nd place: $2,000 New champion: $22,000

Game dynamics:

Coryat scores:

Brendan Kate Danny
$21,000 $11,400 $12,800
25 R,
0 W
15 R
(including 1 DD),
3 W
17 R
(including 1 DD),
3 W
(including 1 DD)

Combined Coryat: $45,200

[game clues] [game scores] [suggest correction]

Game tape date: 2011-11-16
The J! Archive is created by fans, for fans. Scraping, republication, monetization, and malicious use prohibited; this site may use cookies and collect identifying information. See terms. The Jeopardy! game show and all elements thereof, including but not limited to copyright and trademark thereto, are the property of Jeopardy Productions, Inc. and are protected under law. This website is not affiliated with, sponsored by, or operated by Jeopardy Productions, Inc. Join the discussion at JBoard.tv.